Physics qualifying examination :problems and solutions (Record no. 12006)

000 -LEADER
fixed length control field 02164cam a22004817a 4500
001 - CONTROL NUMBER
control field 17022917
005 - DATE AND TIME OF LATEST TRANSACTION
control field 20170105102353.0
008 - FIXED-LENGTH DATA ELEMENTS--GENERAL INFORMATION
fixed length control field 111027s2010 gw a b 001 0 eng d
010 ## - LIBRARY OF CONGRESS CONTROL NUMBER
LC control number 2011499453
015 ## - NATIONAL BIBLIOGRAPHY NUMBER
National bibliography number 08,N24,1015
Source dnb
016 7# - NATIONAL BIBLIOGRAPHIC AGENCY CONTROL NUMBER
Record control number 014755132
Source Uk
020 ## - INTERNATIONAL STANDARD BOOK NUMBER
International Standard Book Number 9783527408054 (pbk. : alk. paper)
020 ## - INTERNATIONAL STANDARD BOOK NUMBER
International Standard Book Number 3527408053 (pbk. : alk. paper)
028 52 - PUBLISHER NUMBER
Publisher number 1140805 000
035 ## - SYSTEM CONTROL NUMBER
System control number (OCoLC)ocn300921424
040 ## - CATALOGING SOURCE
Original cataloging agency BWX
Language of cataloging eng
Transcribing agency BWX
Modifying agency CLE
-- YDXCP
-- DEBBG
-- BTCTA
-- OCL
-- EUM
-- OCL
-- UKMGB
-- DLC
042 ## - AUTHENTICATION CODE
Authentication code lccopycat
043 ## - GEOGRAPHIC AREA CODE
Geographic area code n-us---
050 00 - LIBRARY OF CONGRESS CALL NUMBER
Classification number QC32
Item number .F29 2010
082 04 - DEWEY DECIMAL CLASSIFICATION NUMBER
Classification number 530.7
084 ## - OTHER CLASSIFICATION NUMBER
Classification number 530
Number source sdnb
084 ## - OTHER CLASSIFICATION NUMBER
Classification number UB 4090
Number source rvk
084 ## - OTHER CLASSIFICATION NUMBER
Classification number UC 300
Number source rvk
100 1# - MAIN ENTRY--PERSONAL NAME
Personal name Farach, Horacio A.
245 10 - TITLE STATEMENT
Title Physics qualifying examination :problems and solutions
Remainder of title problems and solutions
Statement of responsibility, etc. Horacio Farach, Charles P. Poole and John L. Safko.
260 ## - PUBLICATION, DISTRIBUTION, ETC.
Place of publication, distribution, etc. Weinheim :
Name of publisher, distributor, etc. Wiley-VCH,
Date of publication, distribution, etc. c2010.
300 ## - PHYSICAL DESCRIPTION
Extent xiii, 253 p. :
Other physical details ill. ;
Dimensions 24 cm.
504 ## - BIBLIOGRAPHY, ETC. NOTE
Bibliography, etc. note Includes bibliographical references and index.
520 8# - SUMMARY, ETC.
Summary, etc. This title features a self-study approach to prepare PhD candidates for passing their qualifying examinations. The book presents 120 problems for all relevant physics subjects and is designed to be used in tandem with the 'Handbook of Physics' by C.P. Poole.
650 #0 - SUBJECT ADDED ENTRY--TOPICAL TERM
Topical term or geographic name entry element Physics
General subdivision Examinations
Form subdivision Study guides.
650 #0 - SUBJECT ADDED ENTRY--TOPICAL TERM
Topical term or geographic name entry element Universities and colleges
Geographic subdivision United States
General subdivision Entrance examinations
Form subdivision Study guides.
650 #0 - SUBJECT ADDED ENTRY--TOPICAL TERM
Topical term or geographic name entry element Advanced placement programs (Education)
General subdivision Examinations
Form subdivision Study guides.
650 07 - SUBJECT ADDED ENTRY--TOPICAL TERM
Topical term or geographic name entry element Theoretische Physik.
Source of heading or term swd
655 #4 - INDEX TERM--GENRE/FORM
Genre/form data or focus term Aufgabensammlung.
655 #7 - INDEX TERM--GENRE/FORM
Genre/form data or focus term Aufgabensammlung.
Source of term swd
700 1# - ADDED ENTRY--PERSONAL NAME
Personal name Poole, Charles P.
700 1# - ADDED ENTRY--PERSONAL NAME
Personal name Safko, John L.
856 41 - ELECTRONIC LOCATION AND ACCESS
Materials specified Table of contents
Uniform Resource Identifier <a href="http://bvbr.bib-bvb.de:8991/F?func=service&doc_library=BVB01&doc_number=016705063&line_number=0001&func_code=DB_RECORDS&service_type=MEDIA">http://bvbr.bib-bvb.de:8991/F?func=service&doc_library=BVB01&doc_number=016705063&line_number=0001&func_code=DB_RECORDS&service_type=MEDIA</a>
856 42 - ELECTRONIC LOCATION AND ACCESS
Electronic format type text/html
Uniform Resource Identifier <a href="http://deposit.d-nb.de/cgi-bin/dokserv?id=3112963&prov=M&dok_var=1&dok_ext=htm">http://deposit.d-nb.de/cgi-bin/dokserv?id=3112963&prov=M&dok_var=1&dok_ext=htm</a>
Materials specified Inhaltstext
906 ## - LOCAL DATA ELEMENT F, LDF (RLIN)
a 7
b cbc
c copycat
d 2
e ncip
f 20
g y-gencatlg
942 ## - ADDED ENTRY ELEMENTS (KOHA)
Source of classification or shelving scheme
Koha item type Book
Holdings
Withdrawn status Lost status Damaged status Not for loan Collection code Permanent Location Current Location Shelving location Date acquired Source of acquisition Cost, normal purchase price Total Checkouts Full call number Barcode Date last seen Price effective from Koha item type
          Central Library (CL) Central Library (CL) General Stacks 07/03/2013 Allied Book Company 5575.68   530.7 FAR SEECS012521 07/10/2013 07/10/2013 Book
© 2023 Central Library, National University of Sciences and Technology. All Rights Reserved.